[Event "Dinslaken- Lippstadt"]
[Site "?"]
[Date "2022.04.10"]
[Round "8.7"]
[White "Kuehler, Andreas"]
[Black "Poess, Frank"]
[Result "1/2-1/2"]
[WhiteElo "1922"]
[BlackElo "1962"]
[PlyCount "70"]
[EventDate "2022.??.??"]
[SourceVersionDate "2020.03.16"]

1. d4 d5 2. c4 dxc4 3. e3 Nf6 4. Nc3 a6 5. Bxc4 e6 6. a4 c5 7. Nf3 Nc6 8. O-O
Be7 9. Qd3 O-O 10. Rd1 Qc7 11. Qe2 Rd8 12. h3 Bd7 13. Ba2 Be8 14. Bb1 Rac8 15.
dxc5 Bxc5 16. Rxd8 Rxd8 17. Ne4 Be7 18. Bd2 Ne5 19. Bc3 Nxf3+ 20. Qxf3 Bc6 21.
Bxf6 Bxf6 22. Nxf6+ gxf6 23. Be4 Bxe4 24. Qxe4 f5 25. Qb4 Rd5 26. Re1 Rc5 27.
Rd1 b5 28. Qh4 Rc1 29. Qg5+ Kf8 30. Rxc1 Qxc1+ 31. Kh2 Qc7+ 32. g3 bxa4 33.
Qh6+ Kg8 34. Qg5+ Kf8 35. Qf6 Kg8 1/2-1/2

[Event "Dinslaken- Lippstadt"]
[Site "?"]
[Date "2022.04.10"]
[Round "8.8"]
[White "Riekenbrauk, Joerg"]
[Black "Besou, Hussain"]
[Result "0-1"]
[WhiteElo "1871"]
[BlackElo "2066"]
[Annotator "daniel"]
[PlyCount "138"]
[EventDate "2022.??.??"]
[SourceVersionDate "2020.03.16"]

1. e4 c6 2. Nc3 d5 3. Nf3 Bg4 4. h3 Bxf3 5. Qxf3 Nf6 6. exd5 cxd5 7. Bb5+ Nc6
8. O-O e6 9. d4 a6 10. Bxc6+ bxc6 11. Bf4 Be7 12. Ne2 O-O 13. Rfe1 Qb6 14. Qb3
Qa7 15. c3 c5 16. Rad1 Rac8 17. Rd2 Ne4 18. Rdd1 cxd4 19. Nxd4 Bh4 20. g3 Bf6
21. Be3 Qc7 22. Kg2 Rb8 23. Qc2 Be5 24. Ne2 Qb7 25. f3 Nf6 26. Rd2 Rfc8 27. Bf4
Bxf4 28. Nxf4 Qb5 29. Qd3 Qa4 30. b3 Qa5 31. Rc2 Rc6 32. Rec1 e5 33. Ne2 h6 34.
c4 dxc4 35. bxc4 Rbc8 36. g4 Qc5 37. Ng3 g6 38. Qe2 Kg7 39. Nf1 Nd7 40. Nd2 $11
Nf8 41. Nb3 Qd6 42. Rd1 Qc7 43. Rd5 f6 44. Kh1 Rxc4 45. Rxc4 Qxc4 46. Qxc4 Rxc4
47. Rd6 a5 48. Nxa5 Ra4 49. Nb3 Rxa2 50. Rd2 Ra3 51. Rb2 Ne6 52. Nd2 Nf4 53. h4
h5 54. Rb3 Ra2 55. Rb7+ Kf8 56. Ne4 Ra6 57. g5 fxg5 58. hxg5 Re6 59. Nf6 Re7
60. Rb6 Kf7 61. Kh2 h4 62. Ng4 Kg7 63. Rb5 Rd7 64. Rxe5 Rd2+ 65. Kh1 h3 66.
Re7+ Kf8 67. Rh7 Nh5 68. Nf6 Ng3+ 69. Kg1 Rg2# 0-1

[Event "SC Porta Westfalica  1 - Gütersloher S"]
[Site "NRW-Klasse - Gruppe 1 2021/20"]
[Date "2021.11.07"]
[Round "1.1"]
[White "Plaßmann, Dominik"]
[Black "Adiyaman, Rene"]
[Result "1-0"]
[WhiteElo "2129"]
[BlackElo "2091"]
[Annotator "danie"]
[PlyCount "111"]
[EventDate "2021.??.??"]
[SourceVersionDate "2020.03.16"]
[WhiteTeam "Gütersloher SV 1"]
[BlackTeam "SC Porta Westfalica  1"]

1. e4 e5 2. Nc3 Nf6 3. g3 d5 4. exd5 Nxd5 5. Bg2 Nxc3 6. bxc3 Nc6 7. Ne2 Bd6 8.
Rb1 O-O 9. O-O Qe8 10. d3 Rb8 11. c4 Be6 12. Nc3 Qd7 13. Ne4 Be7 14. Be3 b6 15.
Ng5 Bf5 16. Rb5 Bd6 17. g4 Bg6 18. h4 a6 19. Rb1 f5 20. Bd5+ Kh8 21. h5 Be8 22.
Be6 Qe7 23. Bxf5 Bxh5 24. Be4 Rf4 25. Bxf4 exf4 26. Bxc6 Qxg5 27. Bf3 Rf8 28.
Qe2 $11 Bxg4 29. Bxg4 f3 30. Qe6 Rf4 31. Qc8+ Bf8 32. Kh2 Qxg4 33. Qxg4 Rxg4
34. Kh3 h5 35. Rg1 Rf4 36. Rg5 Be7 37. Rxh5+ Kg8 38. Re1 Kf7 39. Re4 Rf6 40.
Kg4 Rg6+ 41. Kxf3 Rg1 42. Rf5+ Bf6 43. Rd5 Ra1 44. Rd7+ Kg6 45. Rxc7 Rxa2 46.
Rc6 Kh7 47. Rxb6 a5 48. Ra6 a4 49. c5 Rxc2 50. Rc4 Rb2 51. c6 Rb8 52. c7 Rc8
53. Ke4 Kg6 54. Kd5 Kf7 55. Kd6 a3 56. Kd7 1-0

[Event "SC Porta Westfalica  1 - Gütersloher S"]
[Site "NRW-Klasse - Gruppe 1 2021/20"]
[Date "2021.11.07"]
[Round "1.2"]
[White "Liebelt, Jannik"]
[Black "Janyska, Dennis"]
[Result "1/2-1/2"]
[WhiteElo "2026"]
[BlackElo "2059"]
[Annotator "danie"]
[PlyCount "94"]
[EventDate "2021.??.??"]
[SourceVersionDate "2020.03.16"]
[WhiteTeam "SC Porta Westfalica  1"]
[BlackTeam "Gütersloher SV 1"]

1. e4 g6 2. d4 Bg7 3. Nc3 d6 4. Be3 a6 5. Qd2 b5 6. f3 Bb7 7. O-O-O Nd7 8. Kb1
Rc8 9. Nce2 c5 10. Nh3 Qc7 11. Nf2 Nb6 12. b3 c4 13. c3 a5 14. Nc1 Nf6 15. Re1
O-O 16. Nd1 b4 17. bxc4 Nxc4 18. Bxc4 Qxc4 19. cxb4 axb4 20. Nb2 Qb5 21. Qd3
Ba6 22. Qxb5 Bxb5 $11 23. Bd2 Nd7 24. Nb3 Bc4 25. Nxc4 Rxc4 26. Rc1 Nb6 27.
Rxc4 Nxc4 28. Bxb4 Rb8 29. Bc3 Na3+ 30. Kb2 Nc4+ 31. Ka1 Ne3 32. g3 Nc2+ 33.
Kb1 Nxd4 34. Bxd4 Bxd4 35. Rc1 f5 36. Kc2 Bf6 37. a4 fxe4 38. fxe4 $11 Rb4 39.
a5 Rxe4 40. Kd3 Ra4 41. Rc4 Ra3 42. Rb4 d5 43. Kc2 Kf7 44. Rb5 Ra2+ 45. Kb1 Ra3
46. Kc2 Ra2+ 47. Kb1 Ra3 1/2-1/2

[Event "SC Porta Westfalica  1 - Gütersloher S"]
[Site "NRW-Klasse - Gruppe 1 2021/20"]
[Date "2021.11.07"]
[Round "1.3"]
[White "Asani, Baskim"]
[Black "Traetmar, Mattis"]
[Result "1/2-1/2"]
[WhiteElo "1961"]
[BlackElo "2030"]
[PlyCount "117"]
[EventDate "2021.??.??"]
[SourceVersionDate "2020.03.16"]
[WhiteTeam "Gütersloher SV 1"]
[BlackTeam "SC Porta Westfalica  1"]

1. Nf3 Nf6 2. c4 c5 3. g3 g6 4. b3 Bg7 5. Bb2 O-O 6. Bg2 Nc6 7. O-O a6 8. Nc3
Rb8 9. d3 b5 10. e3 Qa5 11. Ne2 d5 12. Ne5 Qc7 13. Nxc6 Qxc6 14. cxd5 Nxd5 15.
Bxg7 Kxg7 16. Nf4 Be6 17. Qc2 Rfc8 18. Qb2+ f6 19. Rac1 Qd6 20. Nxe6+ Qxe6 21.
Rfd1 Nb6 22. Qa3 c4 23. dxc4 bxc4 24. Qxa6 cxb3 25. Rxc8 Rxc8 26. Bd5 Rd8 27.
Bxb3 Rxd1+ 28. Bxd1 Qc6 29. Bb3 Qc1+ 30. Kg2 Qc6+ 31. Kg1 Qc1+ 32. Kg2 Qc6+ 33.
f3 Qc5 34. Qa7 Qxe3 35. Qb7 Qe2+ 36. Kg1 Qe1+ 37. Kg2 Qd2+ 38. Kg1 Nd7 39. Qe4
Ne5 40. Bc4 Qc3 41. Be2 f5 42. Qd5 Qe1+ 43. Bf1 g5 44. Qb3 g4 45. fxg4 fxg4 46.
Qb2 Qe3+ 47. Kh1 Kh6 48. Qe2 Qc5 49. Qd2+ Kh5 50. Bg2 e6 51. h4 gxh3 52. Qe2+
Kg6 53. Bxh3 Kf6 54. Kh2 Qd5 55. Bg2 Qd4 56. Bh3 Qd5 57. Bg2 Qd4 58. Bh3 Qd5
59. Bg2 1/2-1/2

[Event "SC Porta Westfalica  1 - Gütersloher S"]
[Site "NRW-Klasse - Gruppe 1 2021/20"]
[Date "2021.11.07"]
[Round "1.4"]
[White "Kirnos, Evgeni"]
[Black "Wulfhorst, Noah"]
[Result "1-0"]
[WhiteElo "2190"]
[BlackElo "1973"]
[PlyCount "63"]
[EventDate "2021.??.??"]
[SourceVersionDate "2020.03.16"]
[WhiteTeam "SC Porta Westfalica  1"]
[BlackTeam "Gütersloher SV 1"]

1. e4 c5 2. Nf3 Nc6 3. d4 cxd4 4. Nxd4 e5 5. Nb5 d6 6. N1c3 a6 7. Na3 b5 8. Nd5
Nce7 9. c4 Nxd5 10. exd5 bxc4 11. Nxc4 Be7 12. f4 e4 13. Bd2 a5 14. Be3 Rb8 15.
Qd2 a4 16. Ba7 Rb7 17. Bd4 Bh4+ 18. g3 Bf6 19. Be2 Bxd4 20. Qxd4 Nf6 21. O-O
O-O 22. Rfc1 Re8 23. Ne3 Bd7 24. Rc2 Rc7 25. Rac1 Rxc2 26. Rxc2 Qa5 27. Kf2 Rb8
28. g4 Rb4 29. Qc3 h6 30. a3 Rb5 31. Bxb5 Qxb5 32. Qc4 1-0

[Event "SC Porta Westfalica  1 - Gütersloher S"]
[Site "NRW-Klasse - Gruppe 1 2021/20"]
[Date "2021.11.07"]
[Round "1.5"]
[White "Lueckner, Andreas"]
[Black "Friesen, Viktor"]
[Result "1/2-1/2"]
[WhiteElo "1941"]
[BlackElo "2133"]
[PlyCount "111"]
[EventDate "2021.??.??"]
[SourceVersionDate "2020.03.16"]
[WhiteTeam "Gütersloher SV 1"]
[BlackTeam "SC Porta Westfalica  1"]

1. d4 Nf6 2. Nf3 e6 3. Bg5 d5 4. e3 Be7 5. c4 O-O 6. Nc3 a6 7. cxd5 exd5 8. Qc2
Nbd7 9. Bd3 h6 10. Bf4 c5 11. O-O cxd4 12. Nxd4 Nc5 13. Bf5 Ne6 14. Bxe6 Bxe6
15. Rac1 Rc8 16. Qb3 b5 17. a3 Rc4 18. Nce2 Qd7 19. Nf3 Rxc1 20. Rxc1 d4 21.
Qd1 dxe3 22. Bxe3 Qxd1+ 23. Rxd1 Rd8 24. Rxd8+ Bxd8 25. Ned4 Bd5 26. Ne5 Bc7
27. Nec6 Bxc6 28. Nxc6 Nd5 29. Bd2 f5 30. h3 Kf7 31. Kf1 Ke6 32. Ke2 Bb6 33.
Nb4 Nxb4 34. Bxb4 Kd5 35. Bf8 Bd4 36. b3 a5 37. Kd3 a4 38. bxa4 bxa4 39. g4
fxg4 40. hxg4 Bf6 41. f3 Ke5 42. Bc5 Kf4 43. Ke2 Bb2 44. Bd6+ Kg5 45. Kf2 Kf6
46. f4 Ke6 47. Bf8 g6 48. f5+ Kf7 49. Bxh6 Bxa3 50. Ke2 Bb2 51. Kd3 gxf5 52.
gxf5 Kf6 53. Kc2 a3 54. Bc1 Kxf5 55. Bxb2 axb2 56. Kxb2 1/2-1/2

[Event "SC Porta Westfalica  1 - Gütersloher S"]
[Site "NRW-Klasse - Gruppe 1 2021/20"]
[Date "2021.11.07"]
[Round "1.6"]
[White "Roos, Jonas"]
[Black "Neumann, Theodor"]
[Result "1-0"]
[WhiteElo "1868"]
[BlackElo "1917"]
[PlyCount "63"]
[EventDate "2021.??.??"]
[SourceVersionDate "2020.03.16"]
[WhiteTeam "SC Porta Westfalica  1"]
[BlackTeam "Gütersloher SV 1"]

1. Nf3 e6 2. b3 f5 3. Bb2 Nf6 4. c4 Be7 5. g3 O-O 6. Bg2 c6 7. O-O d6 8. c5
dxc5 9. Ne5 Nbd7 10. f4 Qc7 11. d3 Nd5 12. Qc1 Nxe5 13. Bxe5 Bd6 14. Bb2 e5 15.
e4 Ne7 16. Kh1 fxe4 17. dxe4 exf4 18. Nd2 Ng6 19. Nc4 Be7 20. Qc3 Bf6 21. e5
Be7 22. Nd6 Be6 23. Qxc5 Bxd6 24. exd6 Qd7 25. Qd4 fxg3 26. hxg3 Bh3 27. Kg1
Bxg2 28. Kxg2 Rae8 29. Rae1 Rxf1 30. Rxe8+ Rf8 31. Re7 Nf4+ 32. Qxf4 1-0

[Event "SC Porta Westfalica  1 - Gütersloher S"]
[Site "NRW-Klasse - Gruppe 1 2021/20"]
[Date "2021.11.07"]
[Round "1.7"]
[White "Grochtmann, Stephan"]
[Black "Schulte, Norbert"]
[Result "1-0"]
[WhiteElo "2007"]
[BlackElo "1833"]
[PlyCount "67"]
[EventDate "2021.??.??"]
[SourceVersionDate "2020.03.16"]
[WhiteTeam "Gütersloher SV 1"]
[BlackTeam "SC Porta Westfalica  1"]

1. e4 c5 2. Nf3 b6 3. d4 cxd4 4. Nxd4 Bb7 5. Nc3 g6 6. Be3 Bg7 7. Bc4 Nc6 8.
O-O Rc8 9. Bb3 Nf6 10. f4 O-O 11. e5 Ne8 12. Qg4 Nxd4 13. Bxd4 e6 14. Rad1 Qe7
15. Rfe1 d6 16. exd6 Bxd4+ 17. Rxd4 Qd7 18. Rxe6 Nf6 19. Qe2 Nh5 20. f5 Qc6 21.
Re5 a6 22. fxg6 hxg6 23. Qg4 Kg7 24. Rxh5 Rce8 25. Bd5 Qc5 26. Bxb7 f5 27. Qh4
gxh5 28. Qg5+ Kh7 29. Qxh5+ Kg7 30. Qg5+ Kh7 31. Qh4+ Kg7 32. b4 Qxc3 33. Qg5+
Kf7 34. Qxf5+ 1-0

[Event "SC Porta Westfalica  1 - Gütersloher S"]
[Site "NRW-Klasse - Gruppe 1 2021/20"]
[Date "2021.11.07"]
[Round "1.8"]
[White "Peters, Waldemar"]
[Black "Pfaffenrot, Daniel"]
[Result "1/2-1/2"]
[WhiteElo "1773"]
[BlackElo "1672"]
[PlyCount "55"]
[EventDate "2021.??.??"]
[SourceVersionDate "2020.03.16"]
[WhiteTeam "SC Porta Westfalica  1"]
[BlackTeam "Gütersloher SV 1"]

1. d4 d5 2. c4 e6 3. Nc3 Nf6 4. Nf3 Be7 5. e3 O-O 6. Bd2 a6 7. a3 dxc4 8. Bxc4
b5 9. Be2 c5 10. dxc5 Bxc5 11. Qc2 Bb6 12. O-O Bb7 13. Rac1 Nc6 14. Rfd1 Qe7
15. b4 Rac8 16. Qb2 e5 17. Ne1 e4 18. Rc2 Ne5 19. Rdc1 Rcd8 20. Rd1 Ne8 21. Qb3
Nf6 22. Bc1 Rxd1 23. Nxd1 Bd5 24. Qc3 Qe6 25. Bb2 Ng6 26. Rc1 Bb7 27. Ba1 Rd8
28. Qb2 1/2-1/2

[Event "SF Brackel 2 - SK Werther 1"]
[Site "NRW-Klasse - Gruppe 1 2021/20"]
[Date "2021.11.07"]
[Round "1.1"]
[White "Haskenhoff, Jan"]
[Black "Stemmler, Fabian"]
[Result "1/2-1/2"]
[WhiteElo "2229"]
[BlackElo "2090"]
[PlyCount "105"]
[EventDate "2021.??.??"]
[SourceVersionDate "2020.03.16"]
[WhiteTeam "SK Werther 1"]
[BlackTeam "SF Brackel 2"]

1. e4 e5 2. Nf3 Nf6 3. Nc3 Bb4 4. Nxe5 O-O 5. Be2 Re8 6. Nd3 Bxc3 7. dxc3 Nxe4
8. O-O d6 9. Re1 Nd7 10. Bf1 h6 11. Be3 Ndf6 12. f3 Ng5 13. Qd2 Ne6 14. Qf2 Nd5
15. Bd2 Bd7 16. c4 Nb6 17. b3 Qf6 18. a4 Nd4 19. a5 Rxe1 20. Rxe1 Nc8 21. Nb4
c6 22. Bd3 Be6 23. a6 bxa6 24. Be3 c5 25. Bxd4 cxd4 26. Nxa6 Ne7 27. Be4 d5 28.
Nc7 Rd8 29. Bd3 dxc4 30. Nxe6 fxe6 31. Bxc4 Nd5 32. Re4 Nc7 33. Qe1 Kh8 34.
Bxe6 d3 35. cxd3 Nxe6 36. Rxe6 Qd4+ 37. Qe3 Qxd3 38. Re8+ Kh7 39. Qe4+ Qxe4 40.
Rxe4 Rb8 41. b4 Rb5 42. Kf2 a5 43. bxa5 Rxa5 44. g4 h5 45. h3 hxg4 46. hxg4 g5
47. Re6 Kg7 48. Ke3 Kf7 49. Rd6 Re5+ 50. Kd4 Re1 51. Rd5 Kf6 52. Rf5+ Kg6 53.
Re5 1/2-1/2

[Event "SF Brackel 2 - SK Werther 1"]
[Site "NRW-Klasse - Gruppe 1 2021/20"]
[Date "2021.11.07"]
[Round "1.2"]
[White "Gerlach, Felix"]
[Black "Suchland, Marko"]
[Result "1/2-1/2"]
[WhiteElo "2104"]
[BlackElo "2170"]
[PlyCount "64"]
[EventDate "2021.??.??"]
[SourceVersionDate "2020.03.16"]
[WhiteTeam "SF Brackel 2"]
[BlackTeam "SK Werther 1"]

1. c4 e6 2. g3 d5 3. Bg2 Nf6 4. Nf3 Be7 5. O-O O-O 6. b3 c6 7. Bb2 b6 8. d3 Bb7
9. Nbd2 c5 10. cxd5 Nxd5 11. d4 Nd7 12. Rc1 Rc8 13. a3 cxd4 14. Nxd4 Rxc1 15.
Qxc1 Qa8 16. N2f3 Rc8 17. Qa1 N5f6 18. Rc1 Nc5 19. Bh3 Bxf3 20. exf3 Nd3 21.
Rxc8+ Qxc8 22. Bf1 Nxb2 23. Qxb2 a5 24. Bc4 Qc5 25. a4 Nd5 26. Nb5 Bf6 27. Qd2
g6 28. Kg2 h5 29. Qh6 Bg7 30. Qg5 Bf6 31. Qh6 Bg7 32. Qg5 Bf6 1/2-1/2

[Event "SF Brackel 2 - SK Werther 1"]
[Site "NRW-Klasse - Gruppe 1 2021/20"]
[Date "2021.11.07"]
[Round "1.3"]
[White "Freiberger, Jonas"]
[Black "Garbuz, Vitaliy"]
[Result "1/2-1/2"]
[WhiteElo "2155"]
[BlackElo "2106"]
[PlyCount "58"]
[EventDate "2021.??.??"]
[SourceVersionDate "2020.03.16"]
[WhiteTeam "SK Werther 1"]
[BlackTeam "SF Brackel 2"]

1. Nc3 c5 2. g4 Nc6 3. Bg2 g6 4. d3 d6 5. g5 h6 6. f4 Bg7 7. Nf3 Bg4 8. Ne4
hxg5 9. fxg5 Ne5 10. Nf2 Nxf3+ 11. exf3 Bd7 12. f4 Bc6 13. Bxc6+ bxc6 14. Qf3
d5 15. h4 Rb8 16. Nd1 e6 17. h5 gxh5 18. Rxh5 Rxh5 19. Qxh5 Ne7 20. Bd2 Nf5 21.
Rb1 Qc7 22. Qg4 Kd7 23. g6 Rh8 24. gxf7 Rh1+ 25. Kf2 Rh2+ 26. Kg1 Rxd2 27. Ne3
Nd4 28. Qxg7 Nf3+ 29. Kf1 Nh2+ 1/2-1/2

[Event "SF Brackel 2 - SK Werther 1"]
[Site "NRW-Klasse - Gruppe 1 2021/20"]
[Date "2021.11.07"]
[Round "1.4"]
[White "Kartsev, Nikolay"]
[Black "Goecke, Karl Ulrich"]
[Result "1-0"]
[WhiteElo "2086"]
[BlackElo "2129"]
[PlyCount "89"]
[EventDate "2021.??.??"]
[SourceVersionDate "2020.03.16"]
[WhiteTeam "SF Brackel 2"]
[BlackTeam "SK Werther 1"]

1. e4 e6 2. d4 d5 3. e5 c5 4. c3 Nc6 5. Nf3 Qb6 6. a3 c4 7. g3 Na5 8. Nbd2 Bd7
9. h4 Ne7 10. h5 h6 11. Bh3 Qc7 12. O-O O-O-O 13. Qe2 g6 14. Nh4 Nf5 15. Ng2
Be7 16. Rb1 a6 17. Nf3 Ng7 18. hxg6 fxg6 19. Nf4 g5 20. Ng6 Rhe8 21. Nh2 Ba4
22. Ng4 Nf5 23. Ne3 Ng7 24. Ng4 Nf5 25. Ne3 Ng7 26. f4 gxf4 27. Nxf4 Bd7 28.
Ng6 Bg5 29. Rf7 Rg8 30. Nxd5 exd5 31. Bxg5 hxg5 32. Ne7+ Kb8 33. Nxg8 g4 34.
Rxg7 gxh3 35. Nf6 Qc6 36. Rxd7 Rxd7 37. Nxd7+ Qxd7 38. e6 Qe7 39. Qe5+ Ka8 40.
Rf1 Nc6 41. Rf7 Qe8 42. Qc7 Nd8 43. Rd7 Qxe6 44. Rxd8+ Ka7 45. Qc5+ 1-0

[Event "SF Brackel 2 - SK Werther 1"]
[Site "NRW-Klasse - Gruppe 1 2021/20"]
[Date "2021.11.07"]
[Round "1.5"]
[White "Henkemeier, Markus"]
[Black "Bartelt, Max Peter"]
[Result "0-1"]
[WhiteElo "2007"]
[BlackElo "1984"]
[PlyCount "78"]
[EventDate "2021.??.??"]
[SourceVersionDate "2020.03.16"]
[WhiteTeam "SK Werther 1"]
[BlackTeam "SF Brackel 2"]

1. d4 Nf6 2. Bf4 g6 3. c3 Bg7 4. e3 O-O 5. h4 d6 6. Be2 Nbd7 7. Nd2 e5 8. Bg3
e4 9. h5 Re8 10. Nh3 Nf8 11. hxg6 hxg6 12. Nf4 g5 13. Nh5 Nxh5 14. Bxh5 Qf6 15.
Qe2 Qe6 16. Qb5 Nh7 17. Bg4 Qe7 18. Bf5 Bxf5 19. Qxf5 Nf8 20. Rh5 f6 21. O-O-O
Qe6 22. Qa5 b6 23. Qa6 c5 24. d5 Qe7 25. Nc4 Red8 26. Rhh1 Ng6 27. Rhe1 f5 28.
f3 Be5 29. Bf2 Rdb8 30. fxe4 fxe4 31. Nd2 b5 32. Nxe4 Rb6 33. Qa5 b4 34. Bg3
bxc3 35. bxc3 Rab8 36. Re2 Bxg3 37. Nxg3 Qe5 38. Nf1 Rb1+ 39. Kd2 Qxd5+ 0-1

[Event "SF Brackel 2 - SK Werther 1"]
[Site "NRW-Klasse - Gruppe 1 2021/20"]
[Date "2021.11.07"]
[Round "1.6"]
[White "Seref, Erdogan"]
[Black "Neumann, Marius"]
[Result "1-0"]
[WhiteElo "1985"]
[BlackElo "1896"]
[PlyCount "103"]
[EventDate "2021.??.??"]
[SourceVersionDate "2020.03.16"]
[WhiteTeam "SF Brackel 2"]
[BlackTeam "SK Werther 1"]

1. c4 f5 2. Nf3 Nf6 3. Nc3 e6 4. g3 Be7 5. Bg2 O-O 6. O-O d6 7. d4 Ne4 8. Qc2
Nxc3 9. Qxc3 Nd7 10. Rd1 Nf6 11. Nd2 d5 12. Nf3 Ne4 13. Qb3 dxc4 14. Qxc4 c5
15. Be3 Qa5 16. dxc5 Bxc5 17. Bxc5 Qxc5 18. Qxc5 Nxc5 19. Rac1 b6 20. b4 Ne4
21. Rc7 Ba6 22. Rdd7 Nf6 23. Rxg7+ Kh8 24. Ng5 Rac8 25. Nxe6 Rxc7 26. Rxc7 Re8
27. Nd4 Bxe2 28. Nxf5 Bd3 29. Ne3 a6 30. Bh3 h5 31. Rc8 Rxc8 32. Bxc8 Kg7 33.
Be6 Kg6 34. Nd5 Nxd5 35. Bxd5 h4 36. Kg2 Kg5 37. f4+ Kf5 38. Kf3 hxg3 39. hxg3
a5 40. a3 axb4 41. axb4 Bc2 42. g4+ Kf6 43. Ke3 Bd1 44. g5+ Kf5 45. Be4+ Ke6
46. Kd4 Bb3 47. Bd3 Ba4 48. f5+ Ke7 49. Ke5 Bb3 50. Be4 Bd1 51. g6 Kf8 52. Bd5
1-0

[Event "SF Brackel 2 - SK Werther 1"]
[Site "NRW-Klasse - Gruppe 1 2021/20"]
[Date "2021.11.07"]
[Round "1.7"]
[White "Hufendiek, Ekkehard"]
[Black "Slanina, Aaron"]
[Result "0-1"]
[WhiteElo "1891"]
[BlackElo "1936"]
[PlyCount "66"]
[EventDate "2021.??.??"]
[SourceVersionDate "2020.03.16"]
[WhiteTeam "SK Werther 1"]
[BlackTeam "SF Brackel 2"]

1. e4 e6 2. g3 d5 3. exd5 exd5 4. d4 Nf6 5. Nf3 Bd6 6. Bg5 h6 7. Bxf6 Qxf6 8.
Bg2 O-O 9. O-O Bg4 10. Nbd2 Nd7 11. c3 Qf5 12. Qb3 b6 13. Nh4 Qd3 14. Nhf3 Nf6
15. Rfe1 Rae8 16. Rad1 Qf5 17. Nh4 Bxd1 18. Rxe8 Rxe8 19. Qxd1 Qe6 20. Kf1 c5
21. Nhf3 Ne4 22. Nxe4 dxe4 23. d5 Qf6 24. Ng1 c4 25. Qa4 Re7 26. Qxc4 Bc5 27.
Nh3 e3 28. Qf4 e2+ 29. Ke1 Qg6 30. Qc1 a5 31. Nf4 Qf5 32. Bh3 Qe4 33. Bg2 Bxf2+
0-1

[Event "SF Brackel 2 - SK Werther 1"]
[Site "NRW-Klasse - Gruppe 1 2021/20"]
[Date "2021.11.07"]
[Round "1.8"]
[White "Schaede, Maximilian"]
[Black "Ortpaul, Mario"]
[Result "0-1"]
[WhiteElo "1743"]
[BlackElo "1864"]
[PlyCount "36"]
[EventDate "2021.??.??"]
[SourceVersionDate "2020.03.16"]
[WhiteTeam "SF Brackel 2"]
[BlackTeam "SK Werther 1"]

1. d4 Nf6 2. Nf3 c5 3. c4 cxd4 4. Nxd4 e5 5. Nb5 d5 6. cxd5 Bc5 7. e3 O-O 8.
N5c3 e4 9. Bc4 Nbd7 10. O-O Ne5 11. Bb3 Bg4 12. Qc2 Nf3+ 13. gxf3 Bxf3 14. Nd2
Qd7 15. Ncxe4 Nxe4 16. Rd1 Qg4+ 17. Kf1 Qg2+ 18. Ke1 Qxf2# 0-1

[Event "SV Kamen 1 - SV Königsspringer Hamm 1"]
[Site "NRW-Klasse - Gruppe 1 2021/20"]
[Date "2021.11.07"]
[Round "1.1"]
[White "Frombach, Ralf"]
[Black "Luetke, Jens"]
[Result "1/2-1/2"]
[WhiteElo "2160"]
[BlackElo "2205"]
[PlyCount "63"]
[EventDate "2021.??.??"]
[SourceVersionDate "2020.03.16"]
[WhiteTeam "SV Königsspringer Hamm 1"]
[BlackTeam "SV Kamen 1"]

1. Nf3 c5 2. c3 e6 3. d4 Nf6 4. Bf4 cxd4 5. cxd4 Qb6 6. Qc2 Nc6 7. e3 Nb4 8.
Qb3 Nbd5 9. Qxb6 axb6 10. a3 Nxf4 11. exf4 Nd5 12. g3 d6 13. Nbd2 Bd7 14. Rc1
b5 15. Bg2 Bc6 16. O-O h6 17. Ne1 g5 18. fxg5 hxg5 19. Ne4 Be7 20. Nd3 Ra4 21.
Nc3 Nxc3 22. Rxc3 Rc4 23. Rfc1 Rxc3 24. Rxc3 Kd7 25. Nb4 Bxg2 26. Kxg2 g4 27.
f3 Bf6 28. Nc2 b4 29. axb4 gxf3+ 30. Rxf3 Ke7 31. Rc3 Kd7 32. Rf3 1/2-1/2

[Event "SV Kamen 1 - SV Königsspringer Hamm 1"]
[Site "NRW-Klasse - Gruppe 1 2021/20"]
[Date "2021.11.07"]
[Round "1.2"]
[White "Himmel, Hansjoerg"]
[Black "Prueß, Wilfried"]
[Result "1/2-1/2"]
[WhiteElo "2226"]
[BlackElo "2018"]
[PlyCount "26"]
[EventDate "2021.??.??"]
[SourceVersionDate "2020.03.16"]
[WhiteTeam "SV Kamen 1"]
[BlackTeam "SV Königsspringer Hamm 1"]

1. e4 c5 2. Nf3 e6 3. c4 d6 4. Nc3 e5 5. d3 Be7 6. Be2 h6 7. O-O Nc6 8. Ne1 Nf6
9. f4 Nd4 10. Nf3 Nxe2+ 11. Qxe2 Be6 12. Nd5 Bg4 13. Nxe7 Qxe7 1/2-1/2

[Event "SV Kamen 1 - SV Königsspringer Hamm 1"]
[Site "NRW-Klasse - Gruppe 1 2021/20"]
[Date "2021.11.07"]
[Round "1.3"]
[White "Gerard, Marcel"]
[Black "Weidemann, Christian"]
[Result "1/2-1/2"]
[WhiteElo "1985"]
[BlackElo "2231"]
[PlyCount "28"]
[EventDate "2021.??.??"]
[SourceVersionDate "2020.03.16"]
[WhiteTeam "SV Königsspringer Hamm 1"]
[BlackTeam "SV Kamen 1"]

1. c4 c6 2. g3 d5 3. Nf3 Nf6 4. Bg2 g6 5. b3 Bg7 6. Bb2 O-O 7. O-O a5 8. d3 b5
9. Nbd2 Na6 10. Rc1 Bb7 11. Qc2 Qb6 12. Bd4 Qd8 13. Qb2 Rc8 14. cxb5 cxb5
1/2-1/2

[Event "SV Kamen 1 - SV Königsspringer Hamm 1"]
[Site "NRW-Klasse - Gruppe 1 2021/20"]
[Date "2021.11.07"]
[Round "1.4"]
[White "Kleinegger, Frank"]
[Black "Schmidt, Ingo"]
[Result "1-0"]
[WhiteElo "2088"]
[BlackElo "1982"]
[PlyCount "57"]
[EventDate "2021.??.??"]
[SourceVersionDate "2020.03.16"]
[WhiteTeam "SV Kamen 1"]
[BlackTeam "SV Königsspringer Hamm 1"]

1. Nf3 d5 2. d4 Nf6 3. c4 c6 4. e3 e6 5. Nc3 Nbd7 6. Bd3 dxc4 7. Bxc4 b5 8. Bd3
a6 9. e4 b4 10. Na4 c5 11. e5 Nd5 12. Bg5 Qa5 13. O-O h6 14. Bd2 Bb7 15. a3
cxd4 16. Re1 Be7 17. Nxd4 O-O 18. Qg4 Ne3 19. Rxe3 Nxe5 20. Rxe5 Qxe5 21. Re1
Qa5 22. axb4 Qxa4 23. Bxh6 Bf6 24. Qh5 Rfe8 25. Bf4 Qxb4 26. Qh7+ Kf8 27. Bd6+
Qxd6 28. Nf5 g6 29. Nxd6 1-0

[Event "SV Kamen 1 - SV Königsspringer Hamm 1"]
[Site "NRW-Klasse - Gruppe 1 2021/20"]
[Date "2021.11.07"]
[Round "1.5"]
[White "Paduch, Alexander"]
[Black "Seepe, Udo"]
[Result "0-1"]
[WhiteElo "1825"]
[BlackElo "2019"]
[PlyCount "48"]
[EventDate "2021.??.??"]
[SourceVersionDate "2020.03.16"]
[WhiteTeam "SV Königsspringer Hamm 1"]
[BlackTeam "SV Kamen 1"]

1. e4 c5 2. Nf3 g6 3. d4 cxd4 4. Nxd4 Nf6 5. Nc3 Nc6 6. Be3 Bg7 7. f3 O-O 8.
Qd2 d5 9. O-O-O dxe4 10. Nxc6 Qxd2+ 11. Rxd2 bxc6 12. Nxe4 Nd5 13. Bg5 f6 14.
c4 fxg5 15. cxd5 cxd5 16. Rxd5 Be6 17. Rc5 Bxa2 18. Bc4+ Bxc4 19. Rxc4 Rab8 20.
b4 Be5 21. Rd1 Rfc8 22. Rc5 a5 23. bxa5 Rxc5+ 24. Nxc5 Rc8 0-1

[Event "SV Kamen 1 - SV Königsspringer Hamm 1"]
[Site "NRW-Klasse - Gruppe 1 2021/20"]
[Date "2021.11.07"]
[Round "1.6"]
[White "Rumpf, Thomas"]
[Black "Klaus, Michael"]
[Result "1/2-1/2"]
[WhiteElo "2043"]
[BlackElo "1832"]
[PlyCount "36"]
[EventDate "2021.??.??"]
[SourceVersionDate "2020.03.16"]
[WhiteTeam "SV Kamen 1"]
[BlackTeam "SV Königsspringer Hamm 1"]

1. Nf3 c5 2. e4 Nc6 3. Bb5 e6 4. Bxc6 bxc6 5. O-O d5 6. d3 Nf6 7. Nc3 Be7 8. b3
O-O 9. Re1 Ba6 10. Ba3 c4 11. Bxe7 Qxe7 12. e5 Nd7 13. dxc4 dxc4 14. Ne4 Rfd8
15. Qc1 Nb6 16. Qe3 Rd5 17. Nc3 Rd7 18. Ne4 Rd5 1/2-1/2

[Event "SV Kamen 1 - SV Königsspringer Hamm 1"]
[Site "NRW-Klasse - Gruppe 1 2021/20"]
[Date "2021.11.07"]
[Round "1.7"]
[White "Przybela, Franz"]
[Black "Kilian, Ralf"]
[Result "1/2-1/2"]
[WhiteElo "1595"]
[BlackElo "2053"]
[PlyCount "68"]
[EventDate "2021.??.??"]
[SourceVersionDate "2020.03.16"]
[WhiteTeam "SV Königsspringer Hamm 1"]
[BlackTeam "SV Kamen 1"]

1. d4 d5 2. Nf3 Nf6 3. c4 e6 4. Bg5 Nbd7 5. cxd5 exd5 6. e3 Bb4+ 7. Nbd2 h6 8.
Bh4 a5 9. Bd3 O-O 10. O-O Be7 11. h3 Ne4 12. Bxe7 Qxe7 13. Rc1 c6 14. Qc2 Ndf6
15. Ne5 Bf5 16. Nb3 Bh7 17. Nc5 Rfe8 18. Nxe4 Bxe4 19. Bxe4 Nxe4 20. Nd3 Qg5
21. Qd1 Qf5 22. Ne5 Nd6 23. Qf3 Qxf3 24. Nxf3 a4 25. Nd2 Ra6 26. Rb1 Rea8 27.
a3 Rb6 28. Rfc1 f5 29. Rc3 Raa6 30. Rc5 Kf7 31. Kf1 Ne4 32. Nxe4 fxe4 33. Ke2
Rb3 34. Rc3 Rab6 1/2-1/2